[Event "Württ Kandidatenturnier"]
[Site "Stuttgart"]
[Date "2015.09.06"]
[Round "9.4"]
[White "Wendler, Werner"]
[Black "Klaus, Daniel"]
[Result "1-0"]
[WhiteElo "2056"]
[BlackElo "1933"]
[PlyCount "129"]
[EventDate "2015.??.??"]
[EventCountry "GER"]
[WhiteTeam "SK Bebenhausen"]
[BlackTeam "SC Feuerbach"]

1. d4 d5 2. c4 c6 3. cxd5 cxd5 4. Nc3 Nf6 5. Bf4 Nc6 6. Nf3 e6 7. Rc1 Bd6 8.
Bxd6 Qxd6 9. e3 O-O 10. Bd3 Bd7 11. O-O Rac8 12. Nd2 e5 13. dxe5 Nxe5 14. Be2
Qe7 15. Nf3 Bc6 16. Qd4 Nc4 17. Rc2 Nb6 18. Rd1 Rfe8 19. Qh4 Bd7 20. Nd4 Ne4
21. Qxe7 Rxe7 22. Rdc1 Nd6 23. Bf3 Be6 24. Ncb5 Rxc2 25. Rxc2 Nxb5 26. Nxb5 a6
27. Nd4 Kf8 28. Kf1 Ke8 29. Ke2 Kd8 30. Kd3 Nc4 31. b3 Ne5+ 32. Ke2 Nxf3 33.
Kxf3 f6 34. Rc5 Bg8 35. Ke2 g6 36. Kd3 Rc7 37. Rxc7 Kxc7 38. Ne2 Kd6 39. Kd4
Be6 40. Nc3 f5 41. Na4 Bd7 42. Nc5 Bc8 43. h4 a5 44. a3 h6 45. f4 h5 46. Na4
Bd7 47. Nc3 Bc6 48. b4 axb4 49. axb4 Bd7 50. Nxd5 Bc6 51. e4 fxe4 52. Nb6 e3
53. Nc4+ Ke6 54. Nxe3 Kd6 55. g3 Ke6 56. Kc5 Bf3 57. Kb6 Be4 58. Kc7 Bf3 59. b5
Be4 60. b6 Bf3 61. Nc2 Bh1 62. Nd4+ Kd5 63. Nc6 Ke4 64. Kxb7 Kf3 65. Kc7 1-0

[Event "Württ Kandidatenturnier"]
[Site "Stuttgart"]
[Date "2015.09.06"]
[Round "9.5"]
[White "Wendler, David"]
[Black "Klaus, Dominik"]
[Result "0-1"]
[WhiteElo "1857"]
[BlackElo "1980"]
[PlyCount "68"]
[EventDate "2015.??.??"]
[EventCountry "GER"]
[WhiteTeam "SK Bebenhausen"]
[BlackTeam "Ssg Fils-Lauter"]

1. e4 c5 2. c3 d5 3. exd5 Qxd5 4. d4 Nf6 5. Nf3 Bg4 6. Nbd2 cxd4 7. cxd4 e6 8.
Bc4 Qd8 9. O-O Nbd7 10. h3 Bh5 11. Qe2 Be7 12. Re1 a6 13. a4 Nb6 14. Bb3 Nbd5
15. a5 O-O 16. Nc4 Rc8 17. Bg5 h6 18. Be3 Qc7 19. Rad1 Bb4 20. Bd2 Nf4 21. Bxf4
Qxf4 22. Rf1 Bxf3 23. gxf3 Nd5 24. Qe4 Rfd8 25. Kh1 Qf6 26. Rg1 Rc7 27. Rg4 Ne7
28. Ne3 Bxa5 29. Bc2 g6 30. Rdg1 Rcd7 31. d5 exd5 32. Nxd5 Rxd5 33. Bb3 Rg5 34.
Rxg5 hxg5 0-1

[Event "Württ Kandidatenturnier"]
[Site "Stuttgart"]
[Date "2015.09.06"]
[Round "9.6"]
[White "Zeyher, Marius"]
[Black "Klaiß, Thomas"]
[Result "1/2-1/2"]
[WhiteElo "1918"]
[BlackElo "1979"]
[PlyCount "36"]
[EventDate "2015.??.??"]
[EventCountry "GER"]
[WhiteTeam "SpVgg Rommelshausen"]
[BlackTeam "SF Dornstetten-Pfalzgrafenweiler"]

1. d4 d5 2. c4 c6 3. Nf3 Nf6 4. e3 e6 5. b3 Bb4+ 6. Nbd2 Ne4 7. Bb2 f5 8. a3
Bxd2+ 9. Nxd2 O-O 10. g3 b6 11. Bg2 Ba6 12. Rc1 Nd7 13. O-O Nxd2 14. Qxd2 Nf6
15. Rfe1 Ne4 16. Qc2 Rc8 17. f3 Nf6 18. c5 b5 1/2-1/2

[Event "Württ Kandidatenturnier"]
[Site "Stuttgart"]
[Date "2015.09.06"]
[Round "9.7"]
[White "Andreev, Vlad"]
[Black "Schuster, Gerhard"]
[Result "1-0"]
[WhiteElo "2046"]
[BlackElo "2011"]
[PlyCount "107"]
[EventDate "2015.??.??"]
[EventCountry "GER"]
[WhiteTeam "SF Pfullingen"]
[BlackTeam "SC Feuerbach"]

1. d4 Nf6 2. c4 e6 3. Nc3 Bb4 4. g3 c5 5. Nf3 cxd4 6. Nxd4 O-O 7. Bg2 d5 8. O-O
dxc4 9. Qa4 Qa5 10. Qxa5 Bxa5 11. Ndb5 Rd8 12. Bg5 Nc6 13. Ne4 h6 14. Nxf6+ Kh8
15. Be3 gxf6 16. Bxh6 Bd2 17. Bxd2 Rxd2 18. Rfd1 Rxb2 19. Bxc6 bxc6 20. Rd8+
Kg7 21. Nd6 Rbb8 22. Ne8+ Kg6 23. Nc7 c3 24. Rdd1 Bb7 25. Rdc1 a5 26. Nxa8 Bxa8
27. Rab1 Rb5 28. Rxb5 cxb5 29. Rxc3 Bd5 30. Rc5 Bxa2 31. Rxb5 a4 32. Ra5 Bb3
33. f3 f5 34. Kf2 Kf6 35. e4 fxe4 36. fxe4 Kg6 37. g4 f6 38. h4 e5 39. Ra6 Kg7
40. g5 fxg5 41. hxg5 Bc2 42. Ke3 Kf7 43. Kd2 Bxe4 44. Rxa4 Bb1 45. Rb4 Ba2 46.
Rb6 Be6 47. Ke3 Bd5 48. Rf6+ Ke7 49. Rf2 e4 50. g6 Ke8 51. g7 Bf7 52. Kxe4 Ke7
53. Ke5 Ke8 54. Kd6 1-0

[Event "Württ Kandidatenturnier"]
[Site "Stuttgart"]
[Date "2015.09.06"]
[Round "9.8"]
[White "Ruff, Robert"]
[Black "Quernheim, Daniel"]
[Result "0-1"]
[WhiteElo "1841"]
[BlackElo "2035"]
[PlyCount "90"]
[EventDate "2015.??.??"]
[EventCountry "GER"]
[WhiteTeam "SK Sachsenheim"]
[BlackTeam "SC Botnang"]

1. d4 Nf6 2. c4 c5 3. d5 e6 4. Nc3 exd5 5. cxd5 d6 6. e4 g6 7. f4 Bg7 8. Bb5+
Nfd7 9. a4 Qh4+ 10. g3 Qe7 11. Nge2 O-O 12. O-O Na6 13. Bxd7 Bxd7 14. f5 g5 15.
Be3 b5 16. axb5 Nc7 17. Ra5 Rfb8 18. Qd3 a6 19. Bxc5 dxc5 20. d6 Bd4+ 21. Nxd4
Qxd6 22. Rd1 Qxd4+ 23. Qxd4 cxd4 24. Rxd4 Bxb5 25. e5 h6 26. h4 gxh4 27. Rxh4
Rb6 28. Ne4 Ne8 29. b4 Bd3 30. Ra3 Bxe4 31. Rxe4 Ng7 32. Rg4 Kh7 33. f6 Ne6 34.
Kf2 Rb5 35. Re3 Rab8 36. Rh4 Rxb4 37. g4 Rb2+ 38. Kf3 R2b3 39. Rxb3 Rxb3+ 40.
Ke4 Rh3 41. Rxh3 Ng5+ 42. Kd5 Nxh3 43. Kd6 Nf4 44. Ke7 Kg6 45. Kf8 a5 0-1

[Event "Württ Kandidatenturnier"]
[Site "Stuttgart"]
[Date "2015.09.06"]
[Round "9.9"]
[White "Heer, Till"]
[Black "Meier, Michael"]
[Result "1-0"]
[WhiteElo "1912"]
[BlackElo "2013"]
[PlyCount "81"]
[EventDate "2015.??.??"]
[EventCountry "GER"]
[WhiteTeam "SF Kornwestheim"]
[BlackTeam "SSV Zuffenhausen"]

1. e4 {[%emt 0:00:00]} c6 2. d4 d5 3. f3 e6 4. Nc3 Nf6 5. e5 Nfd7 6. f4 c5 7.
Nf3 Nc6 8. Be3 b6 9. Qd2 Bb7 10. g3 Rc8 11. Ne2 Ba6 12. c3 cxd4 13. Nfxd4 Nc5
14. Nxc6 Rxc6 15. Nd4 Rc7 16. Nxe6 fxe6 17. Bxc5 bxc5 18. Bxa6 Qb8 19. a4 c4
20. f5 Qb6 21. Bb5+ Kd8 22. Qg5+ Be7 23. f6 Rf8 24. fxe7+ Rxe7 25. O-O-O a6 26.
Bxc4 h6 27. Qd2 Rf2 28. Be2 Qb3 29. Bc4 Qb6 30. Be2 Qb3 31. Rdf1 Ref7 32. Rxf2
Rxf2 33. Qe3 Rf7 34. Rf1 Rb7 35. Qd2 Qxa4 36. Kb1 Qe4+ 37. Qc2 Qxe5 38. Bxa6
Ra7 39. Bd3 Ke7 40. Qf2 Qf6 41. Qxa7+ 1-0

[Event "Württ Kandidatenturnier"]
[Site "Stuttgart"]
[Date "2015.09.06"]
[Round "9.10"]
[White "Lüdke, Joshua"]
[Black "Schömbs, Oliver"]
[Result "1-0"]
[WhiteElo "1823"]
[BlackElo "1917"]
[PlyCount "75"]
[EventDate "2015.??.??"]
[EventCountry "GER"]
[WhiteTeam "SV Marbach"]
[BlackTeam "SC Ingersheim"]

1. d4 Nf6 2. c4 c5 3. d5 b5 4. cxb5 a6 5. bxa6 g6 6. Nc3 Bxa6 7. e4 Bxf1 8.
Kxf1 d6 9. g3 Bg7 10. Kg2 O-O 11. Nf3 Nfd7 12. a4 Na6 13. Qb3 h6 14. Nb5 Kh7
15. Nd2 f5 16. f4 fxe4 17. Nxe4 Qb8 18. Bd2 Nc7 19. Bc3 Qb7 20. Bxg7 Kxg7 21.
Nec3 e6 22. Rhe1 Rae8 23. Qa2 Nxd5 24. Nxd5 Qc6 25. Nbc7 Nf6 26. Nxe8+ Rxe8 27.
Kf2 Nxd5 28. Qc4 g5 29. fxg5 hxg5 30. Kg1 e5 31. Qg4 Kh6 32. Rf1 c4 33. Rad1
Qb6+ 34. Kh1 Qb7 35. Qe4 Qxb2 36. Rxd5 Re6 37. Qxc4 e4 38. Rb5 1-0

[Event "Württ Kandidatenturnier"]
[Site "Stuttgart"]
[Date "2015.09.06"]
[Round "9.11"]
[White "Freiherr von Hauff, Christopher V"]
[Black "Mierzwa, Robert"]
[Result "0-1"]
[WhiteElo "1858"]
[BlackElo "1900"]
[PlyCount "118"]
[EventDate "2015.??.??"]
[EventCountry "GER"]
[WhiteTeam "SK Bebenhausen"]
[BlackTeam "SC Weiße Dame Ulm"]

1. e4 e5 2. Nf3 Nc6 3. c3 Nf6 4. d4 exd4 5. e5 Ne4 6. Bd3 d5 7. exd6 Nxd6 8.
O-O Bg4 9. cxd4 Bxf3 10. Qxf3 Nxd4 11. Qd1 Nc6 12. Nc3 Qd7 13. Be3 Be7 14. Rc1
O-O 15. f4 Nf5 16. Rf3 Rad8 17. Bf2 Nb4 18. Bb1 Qxd1+ 19. Rxd1 Rxd1+ 20. Nxd1
Rd8 21. Nc3 Nd4 22. Bxd4 Rxd4 23. a3 Nd5 24. Nxd5 Rxd5 25. Bd3 h6 26. Kf1 Kf8
27. Ke2 f5 28. Rh3 Bd6 29. Rf3 Ke7 30. g3 Kf6 31. Re3 Bc5 32. Re8 Be7 33. Rc8
Rd7 34. Ra8 Bc5 35. Bc4 Rd4 36. b3 c6 37. a4 a6 38. Kf3 Rd2 39. g4 Rxh2 40. Re8
Rh3+ 41. Kg2 Re3 42. Rxe3 Bxe3 43. Kf3 Bc1 44. gxf5 Kxf5 45. Bd3+ Ke6 46. Bf1
Kd5 47. Bh3 a5 48. Bf1 Kc5 49. Kg4 b5 50. Be2 bxa4 51. bxa4 Kb4 52. Bd1 c5 53.
f5 Bb2 54. Kf4 Bf6 55. Ke3 Kc3 56. Be2 c4 57. Bd1 Kb2 58. Ke2 c3 59. Kd3 h5 0-1

[Event "Württ Kandidatenturnier"]
[Site "Stuttgart"]
[Date "2015.09.06"]
[Round "9.12"]
[White "Bangert, Udo"]
[Black "Kolb, Roland"]
[Result "0-1"]
[WhiteElo "1917"]
[BlackElo "2007"]
[PlyCount "46"]
[EventDate "2015.??.??"]
[EventCountry "GER"]
[WhiteTeam "SC Grunbach"]
[BlackTeam "SF Oeffingen"]

1. e4 d5 2. exd5 Qxd5 3. Nc3 Qd6 4. d4 Nf6 5. Nf3 a6 6. g3 Bg4 7. Bg2 Nc6 8.
Be3 O-O-O 9. Qd2 Bxf3 10. Bxf3 Nxd4 11. Bg2 e5 12. O-O-O Qe6 13. Kb1 Bb4 14. f4
Nb5 15. Bxb7+ Kxb7 16. Qg2+ Qc6 17. Qxc6+ Kxc6 18. Nxb5 axb5 19. Rxd8 Rxd8 20.
fxe5 Ng4 21. Bf4 Re8 22. a3 Bc5 23. Rf1 Nxe5 0-1

[Event "Württ Kandidatenturnier"]
[Site "Stuttgart"]
[Date "2015.09.06"]
[Round "9.13"]
[White "Langjahr, Marius"]
[Black "Junginger, Andreas"]
[Result "0-1"]
[WhiteElo "1784"]
[BlackElo "1999"]
[PlyCount "72"]
[EventDate "2015.??.??"]
[EventCountry "GER"]
[WhiteTeam "SK Sachsenheim"]
[BlackTeam "SV Reutlingen"]

1. d4 Nf6 2. c4 e6 3. Nc3 d5 4. Bg5 Nbd7 5. cxd5 exd5 6. e3 c6 7. Bd3 Qa5 8.
Nge2 Ne4 9. Bf4 Ndf6 10. O-O Be7 11. f3 Nxc3 12. bxc3 O-O 13. Qc2 h6 14. Bg3 c5
15. Bf2 c4 16. Bf5 Bxf5 17. Qxf5 Qd8 18. Qc2 b5 19. Rfb1 Qd7 20. Be1 Rfb8 21.
Ng3 a5 22. a3 Rb7 23. Nf5 Bf8 24. e4 dxe4 25. fxe4 Re8 26. Ng3 b4 27. axb4 axb4
28. cxb4 Qxd4+ 29. Bf2 Qd3 30. Qxd3 cxd3 31. Rb3 d2 32. b5 Nxe4 33. Nxe4 Rxe4
34. Be3 Rxe3 35. Rxe3 Bc5 36. Kf2 Re7 0-1

[Event "Württ Kandidatenturnier"]
[Site "Stuttgart"]
[Date "2015.09.06"]
[Round "9.14"]
[White "Löwe, Joachim"]
[Black "Imhof, Thomas"]
[Result "0-1"]
[WhiteElo "1936"]
[BlackElo "1950"]
[PlyCount "84"]
[EventDate "2015.??.??"]
[EventCountry "GER"]
[WhiteTeam "SK Schmiden/Cannstatt"]
[BlackTeam "SGem Vaihingen-Rohr"]

1. d4 Nf6 2. e3 d5 3. Bd3 c5 4. c3 e6 5. Nd2 Nc6 6. f4 Be7 7. Nh3 a6 8. O-O b5
9. Nf2 Bb7 10. Qf3 Qc7 11. a3 cxd4 12. cxd4 O-O-O 13. b3 h6 14. Bb2 g5 15. g3
Kb8 16. Rac1 Rdg8 17. fxg5 hxg5 18. Ng4 Nxg4 19. Qxg4 f5 20. Qf3 g4 21. Qg2 Bd6
22. e4 fxe4 23. Nxe4 dxe4 24. Bxe4 Rc8 25. Rf6 Qb6 26. Kh1 Nxd4 27. Rxc8+ Bxc8
28. Rf7 Rf8 29. Rxf8 Bxf8 30. Qf2 Bg7 31. Qf4+ e5 32. Qf7 Qf6 33. Qxf6 Bxf6 34.
b4 Bb7 35. Bxb7 Kxb7 36. Kg2 e4 37. Kf2 Kc6 38. Ke3 Kd5 39. Bxd4 Bxd4+ 40. Kf4
e3 41. Kxg4 e2 42. Kf3 e1=Q 0-1

[Event "Württ Kandidatenturnier"]
[Site "Stuttgart"]
[Date "2015.09.06"]
[Round "9.15"]
[White "Stark, Timo"]
[Black "Siegle, Florian"]
[Result "0-1"]
[WhiteElo "1851"]
[BlackElo "1944"]
[PlyCount "64"]
[EventDate "2015.??.??"]
[EventCountry "GER"]
[WhiteTeam "SC Neckarsulm"]
[BlackTeam "Stuttgarter SF"]

1. e4 e6 2. d4 d5 3. Nd2 Nf6 4. exd5 exd5 5. Ngf3 Bg4 6. Be2 Bd6 7. O-O O-O 8.
c4 c6 9. Re1 Qc7 10. c5 Bf4 11. Nf1 Nbd7 12. Bxf4 Qxf4 13. Qd2 Qc7 14. h3 Ne4
15. Qc2 Bh5 16. N1d2 f5 17. Nxe4 fxe4 18. Ng5 Qf4 19. Bxh5 Qxg5 20. Bd1 Rf6 21.
Qb3 Raf8 22. Rxe4 Rxf2 23. Rg4 Rf1+ 24. Kh2 Qd2 25. Qg3 R8f7 26. Bc2 Rxa1 27.
Bf5 Qe1 28. Qf4 Nf6 29. Rh4 Qg1+ 30. Kg3 Ne4+ 31. Kg4 Qxg2+ 32. Kh5 Nf6# 0-1

[Event "Württ Kandidatenturnier"]
[Site "Stuttgart"]
[Date "2015.09.06"]
[Round "9.16"]
[White "Schreiber, Hans"]
[Black "Engelhardt, Frank"]
[Result "0-1"]
[WhiteElo "1892"]
[BlackElo "1794"]
[PlyCount "80"]
[EventDate "2015.??.??"]
[EventCountry "GER"]
[WhiteTeam "SV Dicker Turm Esslingen"]
[BlackTeam "SC Botnang"]

1. g3 e5 2. Bg2 d5 3. d3 Nf6 4. Nf3 Bd6 5. O-O O-O 6. Nbd2 Nc6 7. c4 d4 8. a3
a5 9. Ng5 Bd7 10. Nde4 Nxe4 11. Nxe4 Be7 12. f4 Qc8 13. e3 exf4 14. exf4 a4 15.
Bd2 Re8 16. Nf2 Na5 17. Bxa5 Rxa5 18. Qd2 Ra6 19. Rae1 b5 20. Re2 bxc4 21. dxc4
c5 22. Rfe1 Re6 23. Be4 Bd8 24. f5 Ra6 25. Qf4 Ba5 26. Rf1 Bc7 27. Qf3 Rb6 28.
Nd3 Rb3 29. g4 Bd8 30. Qg2 Bg5 31. Nf4 Qa6 32. f6 Qxf6 33. Nd5 Qh6 34. Qf2 Rf8
35. Bf5 Bc6 36. Ne7+ Bxe7 37. Rxe7 Qg5 38. Rc7 Rf3 39. Qe2 Rxf1+ 40. Kxf1 Qf4+
0-1

[Event "Württ Kandidatenturnier"]
[Site "Stuttgart"]
[Date "2015.09.06"]
[Round "9.17"]
[White "Offergeld, Detlef"]
[Black "Baumeister, Jürgen"]
[Result "0-1"]
[WhiteElo "1721"]
[BlackElo "1823"]
[PlyCount "128"]
[EventDate "2015.??.??"]
[EventCountry "GER"]
[WhiteTeam "SF HN-Biberach"]
[BlackTeam "SC Asperg"]

1. e4 d5 2. exd5 Nf6 3. d4 Nxd5 4. c4 Nf6 5. Nf3 Bg4 6. Be2 e6 7. O-O c6 8. a3
a5 9. Be3 Nbd7 10. Nc3 Rc8 11. h3 Bh5 12. Qb3 b6 13. Rfe1 Bd6 14. d5 e5 15.
dxc6 Rxc6 16. Nd5 O-O 17. Rad1 Bxf3 18. Bxf3 e4 19. Be2 Nc5 20. Qc3 Nxd5 21.
Rxd5 h6 22. Red1 Qe7 23. b4 axb4 24. axb4 Nd3 25. Bxd3 Bxb4 26. Qc2 exd3 27.
Qxd3 Qc7 28. Rb5 Rxc4 29. Rxb6 Rc3 30. Qd4 Be7 31. Rdb1 Rd8 32. Qg4 Bc5 33.
Bxh6 Rg3 34. Rc6 Qxc6 35. Qxg3 Qxh6 36. Qc7 Qg5 37. g3 Bd6 38. Qc2 Bc5 39. Kg2
Bxf2 40. Rb3 Bxg3 41. Rxg3 Rd2+ 42. Qxd2 Qxd2+ 43. Kf3 g5 44. Rg4 f5 45. Rg1
Qf4+ 46. Kg2 Kf7 47. Rf1 Qe4+ 48. Kg1 f4 49. h4 Qe3+ 50. Rf2 g4 51. Kg2 Kg6 52.
h5+ Kxh5 53. Kh1 Kg5 54. Rg2 Qh3+ 55. Kg1 f3 56. Rf2 Kf4 57. Ra2 Kg3 58. Rb2
Qh8 59. Rg2+ Kf4 60. Ra2 Qd4+ 61. Kh1 Qd1+ 62. Kh2 g3+ 63. Kh3 Qh1+ 64. Rh2
Qxh2# 0-1

[Event "Württ Kandidatenturnier"]
[Site "Stuttgart"]
[Date "2015.09.06"]
[Round "9.18"]
[White "Zimmermann, Tobias"]
[Black "Schreiber, Stephan"]
[Result "1-0"]
[WhiteElo "1804"]
[BlackElo "1792"]
[PlyCount "67"]
[EventDate "2015.??.??"]
[EventCountry "GER"]
[WhiteTeam "SC Botnang"]
[BlackTeam "SC Botnang"]

1. e4 c5 2. Nf3 d6 3. d4 cxd4 4. Nxd4 Nf6 5. Nc3 a6 6. Be2 e6 7. O-O Be7 8. Be3
O-O 9. f4 Qc7 10. g4 e5 11. Nf5 exf4 12. Bxf4 Bxf5 13. exf5 Qb6+ 14. Kh1 Qxb2
15. Na4 Qb4 16. c4 b5 17. Bd2 Qxa4 18. Qe1 bxc4 19. g5 Ne4 20. f6 Nxf6 21. gxf6
Bd8 22. fxg7 Re8 23. Qf2 Qd7 24. Rae1 Ra7 25. Bg4 Rxe1 26. Bxe1 Qc6+ 27. Bf3
Qd7 28. Bc3 Nc6 29. Be4 h6 30. Qc2 Ne5 31. Bd5 Qg4 32. Bxe5 dxe5 33. Qf2 Qg6
34. Qxa7 1-0

[Event "Württ Kandidatenturnier"]
[Site "Stuttgart"]
[Date "2015.09.06"]
[Round "9.19"]
[White "Nam, Seung-Zin"]
[Black "Mayer, Dietmar"]
[Result "0-1"]
[WhiteElo "1608"]
[BlackElo "1747"]
[PlyCount "82"]
[EventDate "2015.??.??"]
[EventCountry "GER"]
[WhiteTeam "SK Bebenhausen"]
[BlackTeam "SC Böblingen"]

1. e4 c5 2. Nf3 a6 3. b4 cxb4 4. a3 e6 5. d4 Nf6 6. Bd3 Nc6 7. O-O Be7 8. Bb2
d5 9. exd5 Nxd5 10. Ne5 Nxe5 11. dxe5 O-O 12. Qh5 g6 13. Qg4 b6 14. axb4 Bxb4
15. h4 h5 16. Qe4 Be7 17. g3 Ra7 18. Bc1 Nb4 19. Rd1 Bb7 20. Qf4 Qd5 21. Kf1
Qf3 22. Qxf3 Bxf3 23. Re1 Rc8 24. Na3 Rac7 25. Nc4 Rxc4 26. Bxc4 Rxc4 27. Ba3
Bc5 28. Bxb4 Bxb4 29. Reb1 a5 30. Ra2 Be4 31. Rc1 Rc5 32. f4 Rc3 33. Rb2 Rxg3
34. Kf2 Rf3+ 35. Ke2 Rxf4 36. Rcb1 Rxh4 37. Ke3 Bd5 38. Kd3 Re4 39. c4 Rxc4 40.
Rh2 Re4 41. Rg1 Rxe5 0-1

[Event "Württ Kandidatenturnier"]
[Site "Stuttgart"]
[Date "2015.09.06"]
[Round "9.20"]
[White "Bauer, Dieter"]
[Black "Tölg, Wolfgang"]
[Result "1-0"]
[WhiteElo "1704"]
[BlackElo "1691"]
[PlyCount "57"]
[EventDate "2015.??.??"]
[EventCountry "GER"]
[WhiteTeam "SF Kornwestheim"]
[BlackTeam "SF Oeffingen"]

1. c4 c5 2. g3 Nc6 3. Bg2 e6 4. e4 g6 5. Ne2 Bg7 6. Nbc3 Nf6 7. O-O h5 8. d4
cxd4 9. Nxd4 e5 10. Ndb5 Bf8 11. Bg5 Be7 12. Bxf6 Bxf6 13. Nd6+ Kf8 14. Nd5 Nd4
15. f4 Rh7 16. Rf2 Nc6 17. Rd2 Be7 18. Nxe7 Qxe7 19. a3 exf4 20. gxf4 a6 21. b4
Rb8 22. c5 g5 23. Nxc8 Rxc8 24. Rxd7 Qf6 25. f5 g4 26. Qd6+ Qxd6 27. Rxd6 Rc7
28. Rad1 Ne5 29. f6 1-0